000 00295nam a22001337a 4500
008 171013b xxu||||| |||| 00| 0 eng d
020 _a0690434847
041 _aeng
080 _a316
100 _a51
101 _aSOC
245 _aTHE IMPACT SOCIAL CLASS
_cBLUMBERG.P
942 _2udc
_cBK
999 _c33763
_d33763